Sahakaranam Marunadukalil / (Record no. 1046)
[ view plain ]
| 000 -LEADER | |
|---|---|
| fixed length control field | 00406cam a2200169ua 4500 |
| 041 ## - LANGUAGE CODE | |
| Language code of text/sound track or separate title | mal |
| 082 ## - DEWEY DECIMAL CLASSIFICATION NUMBER | |
| Classification number | 334.01 |
| Item number | KUN/SA |
| 100 ## - MAIN ENTRY--AUTHOR NAME | |
| Personal name | Kunhayappan, T.K . |
| 245 ## - TITLE STATEMENT | |
| Title | Sahakaranam Marunadukalil / |
| 260 ## - PUBLICATION, DISTRIBUTION, ETC. (IMPRINT) | |
| Place of publication | : |
| Name of publisher | T.K.Kunhayappan , |
| Year of publication | 1964. |
| 300 ## - PHYSICAL DESCRIPTION | |
| Number of Pages | 452 ; . |
| 942 ## - ADDED ENTRY ELEMENTS (KOHA) | |
| Koha item type | Books |
| Withdrawn status | Lost status | Damaged status | Home library | Current library | Date acquired | Cost, normal purchase price | Full call number | Accession Number | Koha item type | Public note |
|---|---|---|---|---|---|---|---|---|---|---|
| Withdrawn | KAUAET | Malayalam University | 07/04/2012 | 6.00 | 334.01 | 7492 | Books | Transferred to Malayalam University |
